| 000 | 00932cam a2200277 a 4500 | ||
|---|---|---|---|
| 001 | 1061425 | ||
| 003 | SISC | ||
| 005 | 20160302085653.0 | ||
| 008 | 900731s1988 enka 000 1 eng | ||
| 010 | _a 90180205 | ||
| 020 |
_a0006542352 : _c£3.50 |
||
| 040 |
_aDLC _cDLC _dDLC |
||
| 050 | 0 | 0 |
_aPR 6052.A3195 _b.B162 1988 |
| 082 | 0 | 0 |
_aHS 823.914 _bB16 1988 |
| 100 | 1 |
_aBainbridge, Beryl _d1932-2010. _912810 |
|
| 245 | 1 | 0 |
_aFilthy lucre _bThe tragedy of ernest ledwhistle and richard soleway _cBeryl Bainbridge. |
| 260 |
_aLondon : _bFlamingo, _cc1988. |
||
| 300 |
_a144 p. : _bill. ; _c20 cm. |
||
| 650 | 0 |
_aChildren's writings, English. _912811 |
|
| 740 | 0 | _aFilthy lucre. | |
| 740 | 0 | _aTragedy of Ernest Ledwhistle and Richard Soleway. | |
| 906 |
_a7 _bcbc _corignew _d3 _encip _f19 _gy-gencatlg |
||
| 942 |
_2lcc _cBK |
||
| 999 |
_c9206 _d9206 |
||